| Tag |
First Indicator |
Second Indicator |
Subfields |
| LEADER |
00000cam a2200000 i 4500 |
| 001 |
in00003487313 |
| 005 |
20150121141401.0 |
| 008 |
140702s2015 enk b 001 0 eng |
| 010 |
|
|
|a 2014013539
|
| 035 |
|
|
|a (OCoLC)ocn878836319
|
| 040 |
|
|
|a DLC
|e rda
|c DLC
|
| 020 |
|
|
|a 9780745647821 (hardback)
|
| 020 |
|
|
|a 0745647820 (hardback)
|
| 020 |
|
|
|a 9780745647838 (pbk.)
|
| 020 |
|
|
|a 0745647839 (pbk.)
|
| 050 |
0 |
0 |
|a BC177
|b .B595 2015
|
| 082 |
0 |
0 |
|a 128/.4
|2 23
|
| 049 |
|
|
|a TXAM
|
| 100 |
1 |
|
|a Bortolotti, Lisa.
|
| 245 |
1 |
0 |
|a Irrationality /
|c Lisa Bortolotti.
|
| 264 |
|
1 |
|a Cambridge, UK ;
|a Malden, Massachusetts :
|b Polity Press,
|c 2015.
|
| 300 |
|
|
|a ix, 183 pages ;
|c 22 cm.
|
| 336 |
|
|
|a text
|b txt
|2 rdacontent
|
| 337 |
|
|
|a unmediated
|b n
|2 rdamedia
|
| 338 |
|
|
|a volume
|b nc
|2 rdacarrier
|
| 490 |
1 |
|
|a Key concepts in philosophy
|
| 504 |
|
|
|a Includes bibliographical references (pages [149]-178) and index.
|
| 505 |
0 |
|
|a Introduction -- 1. Irrationality and Interpretation --2. Irrationality and Mental Health -- 3. Irrationality and Choice -- 4. Irrationality and the World -- Conclusion: Irrational Human Agents.
|
| 650 |
|
0 |
|a Practical reason.
|
| 830 |
|
0 |
|a Key concepts in philosophy.
|
| 945 |
|
|
|a PromptCat
|b 20594
|
| 946 |
|
|
|a stk
|
| 947 |
|
|
|a A14840342821
|
| 948 |
|
|
|a cataloged
|b h
|c 2015/1/21
|d c
|e dmitchel
|f 2:10:20 pm
|
| 994 |
|
|
|a C0
|b TXA
|
| 999 |
f |
f |
|s 203002e8-1ef3-376e-81b3-9b0202219ab7
|i f822b708-53e3-3f36-878e-ed8faa3052f3
|t 0
|
| 952 |
f |
f |
|p normal
|a Texas A&M University
|b College Station
|c Sterling C. Evans Library
|d Evans: Library Stacks
|t 0
|e BC177 .B595 2015
|h Library of Congress classification
|i unmediated -- volume
|m A14840342821
|
| 998 |
f |
f |
|a BC177 .B595 2015
|t 0
|l Evans: Library Stacks
|